Call me Maria : (Record no. 2647)

MARC details
000 -LEADER
fixed length control field 01026cam a2200277 a 4500
005 - DATE AND TIME OF LATEST TRANSACTION
control field 20240108134237.0
020 ## - INTERNATIONAL STANDARD BOOK NUMBER
International Standard Book Number 0439385776 (hardcover)
040 ## - CATALOGING SOURCE
Original cataloging agency DLC
Transcribing agency DLC
Modifying agency DLC
Language of cataloging eng
050 00 - LIBRARY OF CONGRESS CALL NUMBER
Classification number PZ7.O765
Item number Cal 2004
082 00 - DEWEY DECIMAL CLASSIFICATION NUMBER
Classification number 813
Edition number 22
100 1# - MAIN ENTRY--PERSONAL NAME
Personal name Cofer, Judith Ortiz
Dates associated with a name 1952-
245 10 - TITLE STATEMENT
Title Call me Maria :
Remainder of title a novel /
Statement of responsibility, etc. Judith Ortiz Cofer
250 ## - EDITION STATEMENT
Edition statement First Scholastic paperback printing, July 2006
260 ## - PUBLICATION, DISTRIBUTION, ETC.
Place of publication, distribution, etc. New York :
Name of publisher, distributor, etc. Scholastic,
Date of publication, distribution, etc. 2004
300 ## - PHYSICAL DESCRIPTION
Extent 127 pages :
Dimensions 20cm
505 ## - FORMATTED CONTENTS NOTE
Formatted contents note Z
520 ## - SUMMARY, ETC.
Summary, etc. Fifteen-year-old Maria leaves her mother and their Puerto Rican home to live in the barrio of New York with her father, feeling torn between the two cultures in which she has been raised.
521 ## - TARGET AUDIENCE NOTE
Target audience note 970
Source Lexile
521 ## - TARGET AUDIENCE NOTE
Target audience note Z
Source Raz-Plus
650 #0 - SUBJECT ADDED ENTRY--TOPICAL TERM
Topical term or geographic name entry element Puerto Ricans
Geographic subdivision New York (State)
-- New York
Form subdivision Juvenile fiction.
650 #1 - SUBJECT ADDED ENTRY--TOPICAL TERM
Topical term or geographic name entry element Puerto Ricans
Geographic subdivision New York (State)
-- New York
Form subdivision Fiction.
650 #1 - SUBJECT ADDED ENTRY--TOPICAL TERM
Topical term or geographic name entry element Identity
Form subdivision Fiction.
906 ## - LOCAL DATA ELEMENT F, LDF (RLIN)
a 7
b cbc
c orignew
d 1
e ecip
f 20
g y-gencatlg
942 ## - ADDED ENTRY ELEMENTS (KOHA)
Source of classification or shelving scheme Dewey Decimal Classification
Koha item type Books
Suppress in OPAC No
999 ## -
-- 2647
-- 2647
Holdings
Withdrawn status Lost status Source of classification or shelving scheme Damaged status Not for loan Collection Home library Current library Shelving location Date acquired Total Checkouts Full call number Barcode Date last seen Price effective from Koha item type
    Dewey Decimal Classification     Fiction Footprints International School Library Network Toul Kork Campus Footprints International School Library Network Toul Kork Campus TTP Secondary Fiction Bookshelves 01/08/2024   COF 813 PZ7.O765 FISSE01336 01/08/2024 01/08/2024 Books